000 00910cam a2200217 4500
001 ABS62789
008 000000n2000 000 0 eng u
035 _a(Sirsi) u108187
100 _aPascoe, S.
245 _aSection 15 of the Trusts of Land and Appointment of Trustees Act 1996 - a change in the law
260 _c2000
490 _aThe Conveyancer
_v(64) July/August 2000, 315-328(14)
520 _aReviews the extent to which s15 of the Trusts of Land and Appointment of Trustees Act 1996 has modified the law relating to a duty to sell, particularly in the light of the decision in "The Mortgage Corporation v Marsha Shaire and Others".
590 _aABS
650 _aDUTY TO SELL
650 _aTRUSTS OF LAND AND APPOINTMENT OF TRUSTEES ACT 1996
650 _aTHE MORTGAGE CORPORATION V MARSHA SHAIRE AND OTHERS
650 _aLAW OF PROPERTY ACT 1925
690 _aPROPERTY
942 _n0
999 _c64622
_d64622